000 00637nam a22002297a 4500
003 UA-OsUOA
001 34297
007 ta
008 20050927b un ||||| |||| 00| 0 ukr d
100 _aТроепольський Г. Н.
090 _a821.161.1
_bТ70
942 _cBK
040 _aUA-OsUOA
_brus
_cUA-OsUOA
_dUA-OsUOA
245 _aБелый Бим Чёрное ухо
_bПовесть
300 _a165 с.
955 _a3
041 _arus
080 _a821.161.1
260 _aК.
_bРадянська школа
_c1984
650 7 _a82 Література. Літературознавство
_2UDC
999 _c320734
_d320734